| 000 | 00711nam a2200217 a 4500 | ||
|---|---|---|---|
| 001 | 8334 | ||
| 003 | CO-ViMGA | ||
| 008 | 141112s2004 ck r 000 u spa d | ||
| 040 |
_aCO-ViMGA _bspa _cCO-ViMGA |
||
| 082 | 0 | 4 | _a658.40355 M17p |
| 100 | 1 |
_aMartin Iniquez, Cesar _98200 |
|
| 245 | 1 | 0 |
_aProspectiva / _cMartin Cesar |
| 260 |
_aBogotá, _cSecab, _c1994 |
||
| 300 | _a58 p. il. | ||
| 490 | _aPrograma Nacional de Gerencia en Ciencia y Tecnologia | ||
| 500 | _aModulo 3/16. | ||
| 590 | _aForma de adquisición : donacion - - Proveedor : Red nacional de Bibliotecas - - Ejemplares : 2 | ||
| 650 | 1 | 4 |
_aciencia y tecnologia _98201 |
| 650 | 1 | 4 |
_afuturo - planeacion y metodologia _98202 |
| 942 |
_2ddc _cBK |
||
| 999 |
_c20115 _d20115 |
||